00588nam a2200145Ia 4500008004100000082002400041245013000065260002000195490005000215650002000265700002000285942000700305999001700312952011300329220204s9999 xx 000 0 und d a631.344:632.11bDEV 0aSoil solarization : Proceedings of the first International Conference on Soil solarization . Amman,Jordan,19-25 February 1990 aRomebFAOc1991 aFAO plant production and protection paper 109 aPest management aDe VAY, James E cBK c40882d40882 00104070aMAINbMAINd2021-12-16g29.00l0o631.344:632.11 DEVp21176r2021-12-16 00:00:00w2022-02-14yBK